000 01636nam a22002177a 4500
003 St Aloysius Coll
005 20260122145530.0
008 260117b |||||||| |||| 00| 0 eng d
020 _a9781472140371
040 _cAL
041 _aEnglish
082 _a158.1
_bHESG
100 _aAlan Hester
_9251635
245 _aGet out of your own way
260 _aLondon
_bRobinson
_c2018
300 _a206p.
_bPB
_c19.5x12.5cm
365 _2General
_a5468
_b₹319.00
_c
_d₹399.00
_e20%
_f10/01/2026
520 _aAlan Hester's insightful statement will ring bells with many people. So many of us will regularly and repeatedly stop ourselves from doing what we most want to do. We will get in our own way. We may compare ourselves with more successful people and look for unfair advantages that they have and we don't. We may bemoan our luck or be plagued by any number of common conditions, such as starting something and not finishing it, making bad decisions or no decision at all. We may lack self-belief and think we don't deserve success, that we may be ridiculed or judged, that there is no point in even trying, or feel uncomfortable trying. These are just a few of the ways in which, through fear, ego and lack of confidence, we get in our own way. The author's argument is that although we may not be able to control certain events in our life, we can control our response to those events and thereby decide the outcome. He has written this book so we can learn how to get out of our own way and become our own best adviser, motivator and friend.
650 _2Psychology
_aApplied Psychology
_9251636
942 _2ddc
_cBK
999 _c240781
_d240781